000 00731nam a2200241 a 4500
001 51601
003 BD-RjUL
005 20211209075703.0
008 160831s1962 nyu b 000 0 eng
035 _a(BD-RjUL)51721
040 _aDLC
_cOClU
_dOCoLC
_dUk
_dDLC
_dBD-RjUL
_beng
041 _aeng
082 _a519.82
_223
_bRIS 1962
100 1 _aRiordan, John,
_d1903-
_9152236
245 1 0 _aStochastic service systems /
_cJohn Riordan
260 _aNew York :
_bWiley and sons,
_c1962
300 _ax, 139 p. ;
_c24 cm.
500 _aIncludes Index
650 0 _aQueuing theory.
_9154007
830 _aThe SIAM series in applied mathematics
_9152159
942 _2ddc
_cBK
999 _c51601
_d51601